| 000 | 02504nam2a2200241 4500 | ||
|---|---|---|---|
| 001 | RU\NLR\19V\931941 | ||
| 005 | 20260315071818.0 | ||
| 035 | _a(NLR Aleph) 010350259 | ||
| 090 |
_a13632221 _c13632221 |
||
| 100 | _a20101203d1824 u y0rusy50 ca | ||
| 101 | 0 |
_arus _alat |
|
| 102 | _aRU | ||
| 140 | _ay y ff yaa0100 | ||
| 200 | 1 | _aОт M до Z | |
| 215 | _a[4] с., 1270 стб., [1] с. | ||
| 316 |
_aЭкз. РНБ (18.61.3.6(2)) ч.1-2 в одном пер. На стб. 1269-1270 круглый штамп ГПБ. _5NLR: 18.61.3.6(2) |
||
| 461 | 0 |
_1001v19\rc\2101020 _12001#$aЛатинско-российский лексикон,$eс полным объяснением всех свойств и значений каждаго латинскаго слова, и с показанием собственных имен, до древней географии и мифологии относящихся.$fСоставленный Иваном Кронебергом, ординарным профессором латинской словесности и древностей при Императорском Харьковском университете, философии доктором и Иенских обществ латинскаго и великогерцогскаго минералогическаго членом$vЧ. 2 _96068586 _aКронеберг, И.Я. (1788-1838) _cМосква _d1824 _eВторое издание, исправленное и умноженное _fСоставленный Иваном Кронебергом, ординарным профессором латинской словесности и древностей при Императорском Харьковском университете, философии доктором и Иенских обществ латинскаго и великогерцогскаго минералогическаго членом _nв типографии С. Селивановскаго _oс полным объяснением всех свойств и значений каждаго латинскаго слова, и с показанием собственных имен, до древней географии и мифологии относящихся. _tЛатинско-российский лексикон, _vЧ. 2 |
|
| 801 | 0 |
_aRU _bNLR _c20101203 _gpsbo |
|
| 801 | 1 |
_aRU _bNLR _c20101203 _2rusmarc |
|
| 852 |
_aNLR _j18.61.3.6(2) |
||
| 942 | _cUNSPEC | ||
| 980 | _aNB | ||